000
00511nam a2200181Ia 4500
008
090123s9999 xx 000 0 und d
082
_b
15655
100
_a
सीमा
245
_a
मेहंदी और महावर
250
_a
1
260
_b
मोहन पॉकेट बुक्स
300
_a
170
600
_a
सीमा
630
_a
मेहंदी और महावर
700
_a
सीमा
730
_a
मेहंदी और महावर
942
_c
BOOK
999
_c
53716
_d
53716